00409nam a2200109Ia 4500008004100000082001400041100002200055245011500077260002700192300001100219650006900230120622s9999 xx 000 0 und d a650 H631a aHicks, Herbert G. aAdministración de organizaciones : desde un punto de vista de sistemas y recursos humanos / Herbert G. Hicks aMéxico : Continental a587 p. a1. ADMINISTRACION DE PERSONAL \ 2. ADMINISTRACION DE EMPRESASÌ